Романы по авторам - Statistics

General Stats
  • This quiz has been taken 80 times
  • The average score is 5 of 17
Answer Stats
Hint Answer % Correct
Евгений Онегин Александр Пушкин
100%
Норвежский лес Харуки Мураками
56%
О дивный новый мир Олдос Хаксли
54%
Повелитель мух Уильям Голдинг
47%
Над пропастью во ржи Джером Сэлинджер
41%
Смерть Ивана Ильича Лев Толстой
34%
Кристина Стивен Кинг
34%
Моби Дик Герман Мелвилл
31%
Дни в Бирме Джордж Оруэлл
21%
Под стеклянным колпаком Сильвия Плат
18%
Шум и ярость Уильям Фолкнер
15%
Миссис Дэллоуэй Вирджиния Вулф
13%
Человек в высоком замке Филип К. Дик
12%
Нейромант Уильям Гибсон
12%
Глубокий сон Реймонд Чандлер
7%
Карта и территория Мишель Уэльбек
6%
Сердце тьмы Джозеф Конрад
3%
No matching quizzes found
Score Distribution
Percent of People with Each Score
Percentile by Number Answered
Your Score History
You have not taken this quiz